[Event "SRB-ch sf"]
[Site "Paracin"]
[Date "2024.02.08"]
[Round "5"]
[White "Cuzovic, Ognjen"]
[Black "Sedlak, Nikola"]
[Result "1-0"]
[WhiteElo "2012"]
[BlackElo "2461"]
[PlyCount "95"]
[EventDate "2024.02.05"]
[EventType "swiss"]
[EventRounds "9"]
[EventCountry "SRB"]
[SourceTitle "CB07_2024"]
[SourceDate "2024.02.14"]
[SourceVersion "1"]
[SourceVersionDate "2024.02.14"]
[SourceQuality "1"]

1. d4 Nf6 2. c4 g6 3. Nc3 d5 4. cxd5 Nxd5 5. e4 Nxc3 6. bxc3 Bg7 7. Be3 c5 8. Qd2 Qa5 9. Nf3 Nd7 10. Rc1 0-0 11. d5 Nf6 12. c4 Qxd2+ 13. Nxd2 b6 14. Be2 Ng4 15. Bf4 f5 16. Bxg4 fxg4 17. Bg3 e6 18. 0-0 Ba6 19. f4 exd5 20. cxd5 Bd4+ 21. Bf2 Bxf1 22. Bxd4 cxd4 23. Rxf1 Rac8 24. e5 Kf7 25. Ne4 Ke7 26. d6+ Kd7 27. g3 Rc4 28. Re1 Rfc8 29. Nf6+ Ke6 30. Nxh7 Rc1 31. Rxc1 Rxc1+ 32. Kf2 Rc2+ 33. Ke1 d3 34. Kd1 Rc8 35. Nf6 Kf5 36. Kd2 Rd8 37. Kxd3 Rxd6+ 38. exd6 Kxf6 39. Ke4 Ke6 40. d7 Kxd7 41. f5 Ke7 42. fxg6 b5 43. Kd5 Kf6 44. Kc5 Kxg6 45. Kxb5 Kf5 46. Ka6 Ke4 47. Kxa7 Kf3 48. a4 1-0

[Event "SRB-ch sf"]
[Site "Paracin"]
[Date "2024.02.07"]
[Round "4"]
[White "Sedlak, Nikola"]
[Black "Pogorelskikh, Sergey"]
[Result "1/2-1/2"]
[WhiteElo "2461"]
[BlackElo "2123"]
[PlyCount "95"]
[EventDate "2024.02.05"]
[EventType "swiss"]
[EventRounds "9"]
[EventCountry "SRB"]
[SourceTitle "CB07_2024"]
[SourceDate "2024.02.14"]
[SourceVersion "1"]
[SourceVersionDate "2024.02.14"]
[SourceQuality "1"]

1. Nf3 d5 2. g3 Nf6 3. Bg2 g6 4. c4 Bg7 5. cxd5 Nxd5 6. Nc3 e5 7. d3 c6 8. Bd2 h6 9. h4 Be6 10. Qc1 Na6 11. Rb1 Qe7 12. a3 Rc8 13. b4 Nxc3 14. Bxc3 f6 15. 0-0 0-0 16. a4 Nc7 17. e4 b5 18. a5 Ne8 19. d4 Bc4 20. Rd1 Nd6 21. Qe3 Rfe8 22. Nd2 Bf7 23. a6 Nc4 24. Nxc4 Bxc4 25. Rd2 Rcd8 26. dxe5 fxe5 27. Rbd1 Rxd2 28. Rxd2 Be6 29. Rd3 Rc8 30. Kh2 c5 31. bxc5 Qxc5 32. Rd8+ Kh7 33. Rxc8 Qxe3 34. Rh8+ Kxh8 35. fxe3 Kg8 36. Bf1 Bc4 37. Bxc4+ bxc4 38. Kg2 Kf7 39. Kf3 Ke6 40. Bb4 Kd7 41. Ke2 Kc6 42. Kd2 h5 43. Kc3 Bh6 44. Kxc4 Bxe3 45. Bc3 Kd6 46. Bb4+ Kc6 47. Bc3 Kd6 48. Bb4+ 1/2-1/2

[Event "SRB-ch sf"]
[Site "Paracin"]
[Date "2024.02.06"]
[Round "3"]
[White "Pogorelskikh, Sofia"]
[Black "Sedlak, Nikola"]
[Result "1/2-1/2"]
[WhiteElo "2176"]
[BlackElo "2461"]
[PlyCount "91"]
[EventDate "2024.02.05"]
[EventType "swiss"]
[EventRounds "9"]
[EventCountry "SRB"]
[SourceTitle "CB07_2024"]
[SourceDate "2024.02.14"]
[SourceVersion "1"]
[SourceVersionDate "2024.02.14"]
[SourceQuality "1"]

1. e4 c5 2. Nf3 d6 3. d4 cxd4 4. Nxd4 Nf6 5. f3 Nc6 6. c4 Qb6 7. Nc2 e6 8. Nc3 Be7 9. Bd3 Ne5 10. Be2 a6 11. f4 Ned7 12. Be3 Qc7 13. Nd4 b6 14. Rc1 Bb7 15. Bf3 Rc8 16. 0-0 Qb8 17. Qe2 h5 18. h3 g6 19. b3 h4 20. Rfd1 e5 21. Nc2 exf4 22. Bxf4 0-0 23. Ne3 Rfe8 24. Ng4 Bf8 25. Qd2 Re6 26. Nd5 Bxd5 27. exd5 Ree8 28. Re1 Bg7 29. Bg5 Nxg4 30. Bxg4 f5 31. Bf3 Ne5 32. Bxh4 b5 33. Bf2 bxc4 34. bxc4 Rxc4 35. Rxc4 Nxc4 36. Rxe8+ Qxe8 37. Qb4 Qb5 38. Qxb5 axb5 39. Be2 Na3 40. Bd3 Kf7 41. Kf1 Bc3 42. Bg3 Be5 43. Be1 Bd4 44. Bb4 Bc5 45. Bxa3 Bxa3 46. Bxb5 1/2-1/2

[Event "Budapest SixDays 01 GM-A"]
[Site "Budapest"]
[Date "2024.02.01"]
[Round "9"]
[White "Sedlak, Nikola"]
[Black "Barrish, Daniel"]
[Result "1-0"]
[WhiteElo "2463"]
[BlackElo "2347"]
[PlyCount "83"]
[EventDate "2024.01.27"]
[EventType "tourn"]
[EventRounds "9"]
[EventCountry "HUN"]
[EventCategory "7"]
[SourceTitle "CB06_2024"]
[SourceDate "2024.02.07"]
[SourceVersion "1"]
[SourceVersionDate "2024.02.07"]
[SourceQuality "1"]

1. d4 Nf6 2. Nf3 d5 3. c3 Bf5 4. Qb3 Qc8 5. c4 dxc4 6. Qxc4 Nbd7 7. g3 c5 8. Nc3 e6 9. Bg2 Ne4 10. Nh4 Nd6 11. Qa4 cxd4 12. Qxd4 Be7 13. 0-0 0-0 14. Bf4 e5 15. Bxe5 Nxe5 16. Qxe5 Be6 17. Rac1 Bxh4 18. Qxd6 Qd8 19. Qb4 Bg5 20. e3 Rb8 21. Rfd1 Qe7 22. Qxe7 Bxe7 23. Nd5 Bd8 24. h4 g6 25. b3 h5 26. Bf3 Kg7 27. Nc7 a6 28. Nxe6+ fxe6 29. Rd7+ Rf7 30. Rcd1 Bf6 31. Rxf7+ Kxf7 32. Rd7+ Be7 33. Bxb7 Ke8 34. Bc6 Rb6 35. Ba4 Kf7 36. Rc7 Rd6 37. b4 Rd2 38. Bc2 Kf6 39. a3 Bd8 40. Rc6 g5 41. hxg5+ Kxg5 42. Be4 1-0

[Event "Budapest SixDays 01 GM-A"]
[Site "Budapest"]
[Date "2024.01.29"]
[Round "4"]
[White "Sedlak, Nikola"]
[Black "Pribelszky, Bence"]
[Result "1/2-1/2"]
[WhiteElo "2463"]
[BlackElo "2371"]
[PlyCount "119"]
[EventDate "2024.01.27"]
[EventType "tourn"]
[EventRounds "9"]
[EventCountry "HUN"]
[EventCategory "7"]
[SourceTitle "CB06_2024"]
[SourceDate "2024.02.07"]
[SourceVersion "1"]
[SourceVersionDate "2024.02.07"]
[SourceQuality "1"]

1. Nf3 Nf6 2. g3 b6 3. Bg2 Bb7 4. 0-0 g6 5. d3 Bg7 6. e4 c5 7. e5 Nd5 8. Ng5 Bc6 9. d4 cxd4 10. Qxd4 e6 11. Nf3 Ne7 12. Nbd2 0-0 13. Ne4 Nf5 14. Qd3 Bxe4 15. Qxe4 Nc6 16. Bf4 f6 17. Rad1 fxe5 18. Nxe5 Nxe5 19. Bxe5 d5 20. Qe2 Rc8 21. Rfe1 Bxe5 22. Qxe5 Ng7 23. c3 Qf6 24. f4 Qxe5 25. Rxe5 Kf7 26. Bf1 Rfd8 27. Bd3 Ne8 28. Kf2 Nf6 29. h3 Rd6 30. Re2 a5 31. g4 Nd7 32. h4 Rf8 33. Kg3 Kg7 34. Bc2 Nc5 35. h5 gxh5 36. Rh2 hxg4 37. Rxh7+ Kf6 38. f5 exf5 39. c4 Rfd8 40. Rh5 dxc4 41. Rxf5+ Ke7 42. Rdf1 Nd3 43. Rb5 Re6 44. Bd1 Re3+ 45. Kg2 Ne5 46. Kf2 Rdd3 47. Rxb6 g3+ 48. Kg1 Rd2 49. Bh5 g2 50. Rf2 Rxf2 51. Kxf2 Rg3 52. Kg1 Rg5 53. Rh6 Rg3 54. Be2 Nd3 55. Rh4 Re3 56. Bxd3 cxd3 57. Kxg2 Re2+ 58. Kf3 Rxb2 59. Ke3 Rxa2 60. Kxd3 1/2-1/2

[Event "Budapest SixDays 01 GM-A"]
[Site "Budapest"]
[Date "2024.01.28"]
[Round "2"]
[White "Sedlak, Nikola"]
[Black "Karamsetty, Jeevan"]
[Result "1/2-1/2"]
[WhiteElo "2463"]
[BlackElo "2211"]
[PlyCount "53"]
[EventDate "2024.01.27"]
[EventType "tourn"]
[EventRounds "9"]
[EventCountry "HUN"]
[EventCategory "7"]
[SourceTitle "CB06_2024"]
[SourceDate "2024.02.07"]
[SourceVersion "1"]
[SourceVersionDate "2024.02.07"]
[SourceQuality "1"]

1. Nf3 g6 2. d4 d6 3. e4 Nf6 4. Nbd2 Bg7 5. Bb5+ c6 6. Bc4 d5 7. exd5 cxd5 8. Bb3 0-0 9. 0-0 Nc6 10. c3 Bf5 11. Re1 Rc8 12. Nf1 Bg4 13. h3 Bxf3 14. Qxf3 Qa5 15. Bf4 e6 16. Ng3 Rfe8 17. h4 h5 18. Re2 Nh7 19. Rae1 Rf8 20. Bd6 Rfd8 21. Rxe6 Nxd4 22. cxd4 Rxd6 23. Re8+ Rxe8 24. Rxe8+ Bf8 25. Qc3 Qb5 26. Rc8 Rc6 27. Rxc6 1/2-1/2

[Event "Paracin Prestige op"]
[Site "Paracin"]
[Date "2024.01.22"]
[Round "8"]
[White "Sedlak, Nikola"]
[Black "Jocev, Milan"]
[Result "1-0"]
[WhiteElo "2463"]
[BlackElo "2376"]
[PlyCount "53"]
[EventDate "2024.01.15"]
[EventType "swiss"]
[EventRounds "9"]
[EventCountry "SRB"]
[SourceTitle "CB05_2024"]
[SourceDate "2024.01.31"]
[SourceVersion "1"]
[SourceVersionDate "2024.01.31"]
[SourceQuality "1"]

1. Nf3 Nf6 2. g3 d5 3. Bg2 g6 4. b3 Bg7 5. Bb2 0-0 6. c4 dxc4 7. bxc4 c5 8. 0-0 Nc6 9. Ne5 Nxe5 10. Bxe5 Ng4 11. Bxg7 Kxg7 12. Nc3 h5 13. h3 Ne5 14. Ne4 h4 15. g4 f5 16. gxf5 gxf5 17. Nxc5 f4 18. d4 Nf7 19. Kh1 Ng5 20. Rg1 Kh6 21. Ne4 Nxh3 22. Bxh3 Bxh3 23. f3 Bf5 24. Qe1 e5 25. Rg5 Qxg5 26. Nxg5 Kxg5 27. Qb4 1-0

[Event "Paracin Prestige op"]
[Site "Paracin"]
[Date "2024.01.19"]
[Round "6"]
[White "Sedlak, Nikola"]
[Black "Afanasiev, Vadim"]
[Result "1-0"]
[WhiteElo "2463"]
[BlackElo "2198"]
[PlyCount "85"]
[EventDate "2024.01.15"]
[EventType "swiss"]
[EventRounds "9"]
[EventCountry "SRB"]
[SourceTitle "CB05_2024"]
[SourceDate "2024.01.31"]
[SourceVersion "1"]
[SourceVersionDate "2024.01.31"]
[SourceQuality "1"]

1. d4 d5 2. Nf3 Nf6 3. Bf4 c5 4. e3 Nc6 5. Nbd2 e6 6. c3 cxd4 7. exd4 Nh5 8. Be3 Bd6 9. Bd3 Nf4 10. Bxf4 Bxf4 11. 0-0 0-0 12. Re1 Bc7 13. Nf1 Re8 14. Ng3 g6 15. Qd2 Kg7 16. Bc2 Qf6 17. Ba4 Bf4 18. Qe2 Bd7 19. Rad1 a6 20. Ne5 Bxe5 21. Bxc6 Bxg3 22. Bxd7 Re7 23. fxg3 Rxd7 24. Rd3 Kg8 25. Rf3 Qe7 26. Ref1 Qd6 27. g4 Re8 28. Qf2 Qf8 29. Qg3 Qg7 30. Rf6 Qf8 31. h4 Qg7 32. g5 Kh8 33. Qe5 Kg8 34. h5 gxh5 35. R1f3 Qf8 36. Rh3 Qd6 37. Qe2 Kf8 38. Qxh5 Ke7 39. Rxf7+ Kd8 40. Qxh7 Ree7 41. g6 Rxf7 42. gxf7 Kc7 43. Qg7 1-0

[Event "Budapest SixDays 11 GM"]
[Site "Budapest"]
[Date "2023.12.01"]
[Round "8"]
[White "Sedlak, Nikola"]
[Black "Stefansson, Vignir Vatnar"]
[Result "1/2-1/2"]
[WhiteElo "2448"]
[BlackElo "2483"]
[PlyCount "21"]
[EventDate "2023.11.27"]
[EventType "tourn"]
[EventRounds "9"]
[EventCountry "HUN"]
[EventCategory "7"]
[SourceTitle "CB49_2023"]
[SourceDate "2023.12.06"]
[SourceVersion "1"]
[SourceVersionDate "2023.12.06"]
[SourceQuality "1"]

1. d4 d5 2. c4 c6 3. cxd5 cxd5 4. Nc3 Nc6 5. Nf3 Nf6 6. Bf4 Bf5 7. e3 e6 8. Bd3 Bxd3 9. Qxd3 Bd6 10. Bg3 0-0 11. 0-0 1/2-1/2

[Event "BIH-chT 21st"]
[Site "Sarajevo"]
[Date "2023.11.07"]
[Round "8.1"]
[White "Sedlak, Nikola"]
[Black "Predojevic, Borki"]
[Result "1/2-1/2"]
[WhiteElo "2448"]
[BlackElo "2569"]
[PlyCount "36"]
[EventDate "2023.10.31"]
[EventType "team-tourn"]
[EventRounds "9"]
[EventCountry "BIH"]
[SourceTitle "Mega2024 Update 01"]
[Source "Chessbase"]
[SourceDate "2023.11.12"]
[SourceVersion "1"]
[SourceVersionDate "2023.11.12"]
[SourceQuality "1"]
[WhiteTeam "Bihac"]
[BlackTeam "Sarajevo Bosna"]
[WhiteTeamCountry "BIH"]
[BlackTeamCountry "BIH"]

1. e4 c5 2. Nf3 d6 3. Bb5+ Bd7 4. Bxd7+ Qxd7 5. 0-0 Nc6 6. c3 Nf6 7. Re1 e6 8. d4 cxd4 9. cxd4 d5 10. e5 Ne4 11. Nbd2 Nxd2 12. Bxd2 Bb4 13. Rc1 Bxd2 14. Qxd2 0-0 15. Re3 Ne7 16. Rec3 Rfc8 17. Rxc8+ Rxc8 18. Rxc8+ Qxc8 1/2-1/2

[Event "CRO-chT1B 31st"]
[Site "Veli Losinj"]
[Date "2023.10.19"]
[Round "9.11"]
[White "Ruck, Robert"]
[Black "Sedlak, Nikola"]
[Result "1/2-1/2"]
[WhiteElo "2533"]
[BlackElo "2453"]
[PlyCount "22"]
[EventDate "2023.10.11"]
[EventType "team-tourn"]
[EventRounds "9"]
[EventCountry "CRO"]
[SourceTitle "Mega2024 Update 01"]
[Source "Chessbase"]
[SourceDate "2023.11.12"]
[SourceVersion "1"]
[SourceVersionDate "2023.11.12"]
[SourceQuality "1"]
[WhiteTeam "Rijeka Rijeka"]
[BlackTeam "Djakovo Djakovo"]
[WhiteTeamCountry "CRO"]
[BlackTeamCountry "CRO"]

1. Nf3 Nf6 2. g3 g6 3. Bg2 Bg7 4. 0-0 0-0 5. d4 d6 6. c4 c6 7. Nc3 Qa5 8. e4 e5 9. h3 Nbd7 10. Re1 exd4 11. Nxd4 Re8 1/2-1/2

[Event "FRM-chT 31st"]
[Site "Ohrid"]
[Date "2023.09.01"]
[Round "7.2"]
[White "Ivic, Velimir"]
[Black "Sedlak, Nikola"]
[Result "1/2-1/2"]
[WhiteElo "2561"]
[BlackElo "2440"]
[PlyCount "93"]
[EventDate "2023.08.26"]
[EventType "team-tourn"]
[EventRounds "7"]
[EventCountry "MKD"]
[SourceTitle "EXT 2024"]
[Source "ChessBase"]
[SourceDate "2023.10.10"]
[SourceVersion "1"]
[SourceVersionDate "2023.10.10"]
[SourceQuality "1"]
[WhiteTeam "Skopje Alkaloid"]
[BlackTeam "Prilep Pelagon"]
[WhiteTeamCountry "MKD"]
[BlackTeamCountry "MKD"]

1. e4 e5 2. Nf3 Nc6 3. Bb5 Nf6 4. 0-0 Nxe4 5. d4 Be7 6. dxe5 0-0 7. Qd5 Nc5 8. Be3 a6 9. Bxc5 axb5 10. Bxe7 Qxe7 11. Nc3 b4 12. Nb5 Ra5 13. a4 bxa3 14. Rxa3 Rxa3 15. bxa3 Qd8 16. Rd1 Re8 17. c4 b6 18. c5 bxc5 19. Qxc5 h6 20. h4 Bb7 21. a4 Qe7 22. Qxe7 Rxe7 23. Re1 Na5 24. Nxc7 Bxf3 25. gxf3 d6 26. Nb5 dxe5 27. Rd1 f5 28. Rd8+ Kf7 29. Kg2 e4 30. Nd6+ Kg6 31. fxe4 fxe4 32. Ra8 Re5 33. Kg3 e3 34. fxe3 Rxe3+ 35. Kf4 Re6 36. Nf5 Nc6 37. Rg8 Re1 38. Rxg7+ Kf6 39. Rc7 Rf1+ 40. Ke4 Ne5 41. Nd4 Rh1 42. a5 Rxh4+ 43. Kd5 Rh5 44. a6 Nf3+ 45. Ke4 Rh4+ 46. Kxf3 Rxd4 47. a7 1/2-1/2

[Event "FRM-chT 31st"]
[Site "Ohrid"]
[Date "2023.08.27"]
[Round "2.2"]
[White "Sedlak, Nikola"]
[Black "Tomic, Aleksandar1111"]
[Result "1/2-1/2"]
[WhiteElo "2440"]
[BlackElo "2397"]
[PlyCount "103"]
[EventDate "2023.08.26"]
[EventType "team-tourn"]
[EventRounds "7"]
[EventCountry "MKD"]
[SourceTitle "EXT 2024"]
[Source "ChessBase"]
[SourceDate "2023.10.10"]
[SourceVersion "1"]
[SourceVersionDate "2023.10.10"]
[SourceQuality "1"]
[WhiteTeam "Prilep Pelagon"]
[BlackTeam "Skopje Shkupi"]
[WhiteTeamCountry "MKD"]
[BlackTeamCountry "MKD"]

1. d4 Nf6 2. Nf3 e6 3. Bf4 b6 4. e3 Bb7 5. Nbd2 d6 6. h3 Nbd7 7. Bh2 a6 8. a4 c5 9. Bd3 cxd4 10. exd4 Be7 11. 0-0 0-0 12. c3 Re8 13. Ne1 Qc7 14. Nc2 Bf8 15. Ne3 g6 16. Rc1 e5 17. Re1 Bh6 18. Qb3 Rac8 19. Rcd1 Qc6 20. Bf1 exd4 21. cxd4 d5 22. Nf3 Ne4 23. Ng4 Bg7 24. Bd3 Qe6 25. Ng5 Qe7 26. Nxe4 dxe4 27. Ne3 Qf6 28. Bc4 h5 29. Be5 Qe7 30. Bxg7 Kxg7 31. Bd5 Nf6 32. Bxb7 Qxb7 33. d5 Red8 34. Rd4 b5 35. Red1 Qd7 36. axb5 axb5 37. d6 Rc5 38. Qb4 Rdc8 39. Qd2 Rd8 40. b4 Rc6 41. Qe2 Rb6 42. Qb2 Qe6 43. d7 Qe5 44. Qc2 Rb7 45. Qc8 Rbxd7 46. Qxd8 Rxd8 47. Rxd8 Qb2 48. R8d4 h4 49. R1d2 Qc1+ 50. Rd1 Qb2 51. R1d2 Qc1+ 52. Rd1 1/2-1/2

[Event "Kavala op 32nd"]
[Site "Kavala"]
[Date "2023.08.04"]
[Round "9"]
[White "Sammed Jaykumar, Shete"]
[Black "Sedlak, Nikola"]
[Result "0-1"]
[WhiteElo "2451"]
[BlackElo "2422"]
[PlyCount "92"]
[EventDate "2023.07.28"]
[EventType "swiss"]
[EventRounds "9"]
[EventCountry "GRE"]
[SourceTitle "CBM 215 Extra"]
[Source "ChessBase"]
[SourceDate "2023.09.30"]
[SourceVersion "1"]
[SourceVersionDate "2023.09.30"]
[SourceQuality "1"]

1. e4 e6 2. d4 d5 3. e5 Ne7 4. Nf3 b6 5. b4 c5 6. c3 Nbc6 7. a3 Bd7 8. h4 h6 9. Bd3 a6 10. 0-0 cxd4 11. cxd4 Nf5 12. Bxf5 exf5 13. Nc3 Be6 14. b5 axb5 15. Nxb5 Be7 16. a4 0-0 17. Ba3 Bxa3 18. Rxa3 Na5 19. Rc3 Nc4 20. Qb3 Bd7 21. Rb1 Bxb5 22. axb5 Ra5 23. Rxc4 dxc4 24. Qxc4 Ra7 25. Rc1 Rd7 26. Qd3 Rc7 27. Rxc7 Qxc7 28. Qxf5 Qc4 29. Qe4 Rd8 30. h5 Qxb5 31. e6 Qe8 32. exf7+ Qxf7 33. Qe5 Ra8 34. Nh4 Re8 35. Qd6 Re1+ 36. Kh2 Qxh5 37. g3 g5 38. Qb4 Re8 39. Qb5 Rf8 40. f4 Qe8 41. Qd5+ Qf7 42. Nf5 Qxd5 43. Ne7+ Kf7 44. Nxd5 b5 45. fxg5 hxg5 46. Nb4 Rc8 0-1

[Event "Kavala op 32nd"]
[Site "Kavala"]
[Date "2023.08.02"]
[Round "7"]
[White "Kilic, Eray"]
[Black "Sedlak, Nikola"]
[Result "0-1"]
[WhiteElo "2433"]
[BlackElo "2422"]
[PlyCount "108"]
[EventDate "2023.07.28"]
[EventType "swiss"]
[EventRounds "9"]
[EventCountry "GRE"]
[SourceTitle "CBM 215 Extra"]
[Source "ChessBase"]
[SourceDate "2023.09.30"]
[SourceVersion "1"]
[SourceVersionDate "2023.09.30"]
[SourceQuality "1"]

1. e4 c6 2. d4 d5 3. e5 Na6 4. c3 Nc7 5. Bd3 g6 6. Ne2 Bg7 7. h4 h5 8. Nd2 Nh6 9. Nf3 Bg4 10. Qb3 Bxf3 11. gxf3 Rb8 12. Qc2 Kd7 13. c4 e6 14. Nc3 Bf8 15. Bg5 Be7 16. f4 dxc4 17. Bxc4 Bxg5 18. fxg5 Nf5 19. Ne4 Ke8 20. 0-0-0 Kf8 21. Kb1 Kg7 22. Rh3 Qe7 23. Qc3 Rhd8 24. Ng3 Nd5 25. Qf3 a6 26. Rhh1 Rd7 27. Bb3 Rbd8 28. Rd2 a5 29. a3 Ra8 30. Ka1 a4 31. Ba2 Rad8 32. Nxf5+ exf5 33. Re1 Nc7 34. Qd1 b5 35. Qf3 Rxd4 36. Rxd4 Rxd4 37. Qxc6 Ne6 38. Bxe6 Qxe6 39. Qxe6 fxe6 40. Rc1 Rxh4 41. Rc7+ Kf8 42. Rc8+ Ke7 43. Rc7+ Ke8 44. Rg7 Rf4 45. Rxg6 Kd7 46. Rg7+ Kc6 47. Rg8 Kd5 48. Rb8 Rxf2 49. Rxb5+ Ke4 50. Rb4+ Kxe5 51. Rxa4 Rg2 52. Ra5+ Kf4 53. Ra6 e5 54. g6 h4 0-1

[Event "Kavala op 32nd"]
[Site "Kavala"]
[Date "2023.07.30"]
[Round "4"]
[White "Sedlak, Nikola"]
[Black "Antolak, Julia"]
[Result "1-0"]
[WhiteElo "2422"]
[BlackElo "2301"]
[PlyCount "83"]
[EventDate "2023.07.28"]
[EventType "swiss"]
[EventRounds "9"]
[EventCountry "GRE"]
[SourceTitle "CBM 215 Extra"]
[Source "ChessBase"]
[SourceDate "2023.09.30"]
[SourceVersion "1"]
[SourceVersionDate "2023.09.30"]
[SourceQuality "1"]

1. d4 Nf6 2. Nf3 g6 3. Nc3 d5 4. Bf4 Bg7 5. Nb5 Na6 6. e3 0-0 7. h3 c6 8. Nc3 Nc7 9. Be5 Nce8 10. Bd3 Nd6 11. 0-0 Bf5 12. b3 Rc8 13. Na4 Bxd3 14. cxd3 Nd7 15. Rc1 b6 16. b4 Nb7 17. Bxg7 Kxg7 18. Qb3 e6 19. Rc2 b5 20. Nc3 a5 21. Rfc1 a4 22. Qb2 Nd6 23. Ne2 Nb8 24. Ng3 f6 25. e4 dxe4 26. dxe4 Nc4 27. Rxc4 bxc4 28. Rxc4 Nd7 29. a3 Nb6 30. Rc5 Qd7 31. h4 h6 32. Qc1 Rfd8 33. Qc3 Qe8 34. Qc2 Qd7 35. Ne2 e5 36. h5 Qg4 37. hxg6 Qxg6 38. dxe5 Nd7 39. Nf4 Qg4 40. exf6+ Nxf6 41. Rf5 Re8 42. Qc3 1-0

[Event "Kavala op 32nd"]
[Site "Kavala"]
[Date "2023.07.29"]
[Round "3"]
[White "Plaskan, Jure"]
[Black "Sedlak, Nikola"]
[Result "0-1"]
[WhiteElo "2269"]
[BlackElo "2422"]
[PlyCount "94"]
[EventDate "2023.07.28"]
[EventType "swiss"]
[EventRounds "9"]
[EventCountry "GRE"]
[SourceTitle "CBM 215 Extra"]
[Source "ChessBase"]
[SourceDate "2023.09.30"]
[SourceVersion "1"]
[SourceVersionDate "2023.09.30"]
[SourceQuality "1"]

1. e4 c5 2. Nf3 Nc6 3. d4 cxd4 4. Nxd4 Nf6 5. Nc3 h5 6. Nb3 g6 7. Bg5 Bg7 8. Qd2 d6 9. 0-0-0 a5 10. Bb5 a4 11. Bxa4 Bd7 12. Bb5 Nb4 13. a3 Na2+ 14. Nxa2 Bxb5 15. Qb4 Bc6 16. f3 0-0 17. Kb1 Qc7 18. Be3 d5 19. Bb6 Qb8 20. Nc3 dxe4 21. fxe4 Nxe4 22. Nxe4 Ra4 23. Qxe7 Rxe4 24. Qc7 Qxc7 25. Bxc7 Rg4 26. Rhe1 Bxg2 27. c3 h4 28. Nc5 Rc8 29. Rd8+ Rxd8 30. Bxd8 Bc6 31. Re2 Bf8 32. b4 Bd6 33. Bf6 h3 34. Re3 Rf4 35. Bd4 Rf3 36. Re2 g5 37. Be5 Bxe5 38. Rxe5 f6 39. Re2 Rxc3 40. Kb2 Rc4 41. Rd2 g4 42. Kb3 Rxc5 43. bxc5 g3 44. Kc4 Bg2 45. hxg3 h2 46. Rxg2 h1Q 47. Rd2 Qc1+ 0-1

[Event "Vojvodina op 13th"]
[Site "Novi Sad"]
[Date "2023.07.02"]
[Round "6"]
[White "Sedlak, Nikola"]
[Black "Bryakin, Mikhail"]
[Result "1/2-1/2"]
[WhiteElo "2420"]
[BlackElo "2454"]
[PlyCount "53"]
[EventDate "2023.06.29"]
[EventType "swiss"]
[EventRounds "9"]
[EventCountry "SRB"]
[SourceTitle "CBM 215 Extra"]
[Source "ChessBase"]
[SourceDate "2023.09.30"]
[SourceVersion "1"]
[SourceVersionDate "2023.09.30"]
[SourceQuality "1"]

1. Nf3 d5 2. g3 c6 3. Bg2 Nf6 4. 0-0 Bf5 5. d3 e6 6. Nh4 Bg4 7. h3 Bh5 8. f4 Be7 9. Qe1 c5 10. e4 Nc6 11. g4 Nxg4 12. hxg4 Bxh4 13. Qd1 Bg3 14. Bh3 Qh4 15. Kg2 Bg6 16. exd5 Nb4 17. Nd2 Bxf4 18. Rxf4 Nxd5 19. Nf3 Nxf4+ 20. Bxf4 Qe7 21. Qe2 f6 22. Re1 e5 23. Qf2 0-0 24. Bg3 Qf7 25. b3 Qd5 26. Kh2 Be8 27. Nh4 1/2-1/2

[Event "Vojvodina op 13th"]
[Site "Novi Sad"]
[Date "2023.07.01"]
[Round "4"]
[White "Sedlak, Nikola"]
[Black "Mushini, Ajay"]
[Result "1/2-1/2"]
[WhiteElo "2420"]
[BlackElo "2306"]
[PlyCount "56"]
[EventDate "2023.06.29"]
[EventType "swiss"]
[EventRounds "9"]
[EventCountry "SRB"]
[SourceTitle "CBM 215 Extra"]
[Source "ChessBase"]
[SourceDate "2023.09.30"]
[SourceVersion "1"]
[SourceVersionDate "2023.09.30"]
[SourceQuality "1"]

1. d4 d5 2. Nf3 Nf6 3. Bf4 e6 4. e3 c5 5. Be2 Nc6 6. 0-0 Bd6 7. dxc5 Bxc5 8. c4 0-0 9. Nc3 dxc4 10. Bxc4 a6 11. Rc1 Qe7 12. a3 h6 13. Ne5 Nxe5 14. Bxe5 Rd8 15. Qf3 Bd6 16. Bxd6 Rxd6 17. Ne4 Nxe4 18. Qxe4 Qd8 19. Ba2 Bd7 20. Bb1 g6 21. Qf4 Bb5 22. Rfe1 h5 23. Be4 Bc6 24. Bxc6 bxc6 25. h4 a5 26. Rc5 Rb8 27. b4 axb4 28. axb4 Rb5 1/2-1/2

[Event "Vojvodina op 13th"]
[Site "Novi Sad"]
[Date "2023.06.30"]
[Round "2"]
[White "Sedlak, Nikola"]
[Black "Vignesh, B."]
[Result "1-0"]
[WhiteElo "2420"]
[BlackElo "2197"]
[PlyCount "99"]
[EventDate "2023.06.29"]
[EventType "swiss"]
[EventRounds "9"]
[EventCountry "SRB"]
[SourceTitle "CBM 215 Extra"]
[Source "ChessBase"]
[SourceDate "2023.09.30"]
[SourceVersion "1"]
[SourceVersionDate "2023.09.30"]
[SourceQuality "1"]

1. e4 e5 2. Nc3 Bc5 3. g3 Nf6 4. Bg2 c6 5. Nge2 d5 6. exd5 cxd5 7. d4 exd4 8. Nxd4 0-0 9. 0-0 Bxd4 10. Qxd4 Nc6 11. Qc5 Be6 12. Bf4 Rc8 13. Rad1 b6 14. Qb5 Na5 15. Bg5 d4 16. Bxf6 Qxf6 17. Ne4 Qd8 18. Qa4 Nc4 19. Qb5 Na5 20. Qa4 Nc4 21. Qb5 f5 22. Nc3 Rc5 23. Qb4 a5 24. Qb3 Bf7 25. Na4 Ne3 26. Qxe3 dxe3 27. Rxd8 Rxd8 28. Nxc5 e2 29. Re1 Rd1 30. Nd3 Bc4 31. Bf3 Bxd3 32. Rxd1 exd1R+ 33. Bxd1 Bc4 34. b3 Bd5 35. f4 Kf7 36. Kf2 Be4 37. Ke3 Ke6 38. Kd4 Kd6 39. c4 Bb1 40. a3 Be4 41. b4 axb4 42. axb4 Bb1 43. c5+ bxc5+ 44. bxc5+ Ke6 45. Bb3+ Ke7 46. Ke5 Be4 47. Bd5 Bc2 48. Be6 g6 49. c6 Ba4 50. c7 1-0

[Event "Budapest Vezerkepzo Pentecost GM1"]
[Site "Budapest"]
[Date "2023.05.26"]
[Round "9"]
[White "Sedlak, Nikola"]
[Black "Pap, Misa"]
[Result "1/2-1/2"]
[WhiteElo "2435"]
[BlackElo "2415"]
[PlyCount "21"]
[EventDate "2023.05.18"]
[EventType "tourn"]
[EventRounds "9"]
[EventCountry "HUN"]
[EventCategory "6"]
[SourceTitle "CBM 214 Extra"]
[Source "ChessBase"]
[SourceDate "2023.07.31"]
[SourceVersion "1"]
[SourceVersionDate "2023.07.31"]
[SourceQuality "1"]

1. e4 e5 2. Nf3 Nc6 3. Bb5 a6 4. Ba4 Nf6 5. 0-0 Be7 6. Qe2 b5 7. Bb3 0-0 8. c3 d6 9. Rd1 Bg4 10. h3 Bh5 11. d3 1/2-1/2